00705nam a22002057a 450000500170000001000150001702000260003203500140005803700090007208200120008110000290009324500570012225000070017926000310018627000570021730000270027494200260030199900190032795201530034620260519110550.0 aENG-148530 a9789364445962c375.00 aEN-132062 bDBAD 210a330 aKaruppiah, Sankarganesh  aIndian Economy Key Concepts/cSankarganesh Karuppiah a10 aChennaibMcGraw Hillc2026 a5/90 A, Butt Road, St. Thomas MountbChennaie600016 a203p.c24cm(pb)bIndex 2ddccENh330mKARe10 c216260d216260 001040708NFICaTNbTNd2026-05-19eDelivery of Books Act Divisiong375.00l0o330 KARpEN-132062r2026-05-19 11:06:13t 1v375.00w2026-05-19yEN